000 00451nam a2200181Ia 4500
005 20250326142052.0
008 250326s9999 xx 000 0 und d
037 _aTextbook
040 _aFMSL
_beng
_cFMSL
041 _aeng
_2eng
084 _aX:87 M4
_qFMSL
100 _aGeneen H
_9745512
245 0 _aManaging
_cGeneen H
260 _aUSA
_bUSA, Avon
_c1984
300 _a315p
942 _cTB
_hX:87 M4
999 _c1293288
_d1293288